| 000 | 00711cab a2200241 4500 | ||
|---|---|---|---|
| 001 | WB2832-19 | ||
| 008 | 090401t1992 xxu||||| |||| 00| 0 eng d | ||
| 035 | _a(Sirsi) u72224 | ||
| 041 | _aeng | ||
| 245 | _aOlympic arena for Manchester | ||
| 260 | _c1992 | ||
| 350 | _a0 | ||
| 490 |
_aFinancial Times _v10 August 1992, 10(1) |
||
| 520 | _aBovis Construction is to head a consortium appointed to design, build and manage the proposed Olympic indoor arena at Manchester. | ||
| 650 | _aOLYMPIC GAMES 2000 | ||
| 650 | _aSPORT | ||
| 650 | _aSTADIA | ||
| 650 | _aVICTORIA STATION | ||
| 690 | _aBUILDING AND CONSTRUCTION-PROJECTS | ||
| 690 | _aECONOMIC AND SOCIAL | ||
| 942 | _n0 | ||
| 948 | _c04/03/1997 | ||
| 999 |
_c45601 _d45601 |
||